México: la situación política actual /
Gardado en:
| Autor Principal: | |
|---|---|
| Formato: | Texto |
| Materias: | |
| Etiquetas: |
Engadir etiqueta
Sen Etiquetas, Sexa o primeiro en etiquetar este rexistro!
|
MARC
| LEADER | 00000 a a2200000 04500 | ||
|---|---|---|---|
| 001 | 11047 | ||
| 003 | |||
| 040 | |||
| 100 | |a Vidal, Gregorio | ||
| 245 | |a México: |b la situación política actual / |c Gregorio Vidal | ||
| 650 | |a ELECCIONES | ||
| 650 | |a PRESIDENCIA | ||
| 650 | |a DEMOCRACIA | ||
| 650 | |a IDEOLOGIAS POLITICAS | ||
| 650 | |a MEDIOS DE COMUNICACION | ||
| 650 | |a DESIGUALDAD SOCIAL | ||
| 650 | |a POLITICA ECONOMICA | ||
| 650 | |a MOVILIZACION SOCIAL | ||
| 650 | |a MEXICO | ||
| 773 | |g volumen 7, número 20; páginas 43-56 | ||
| 999 | |c 29775 |d 29775 | ||
